000 00771nas a2200265 4500
001 BR0403542
003 BR-BrBNA
005 20231205104709.0
007 ta
008 230509b bl.|||p| |||| 00| 00por d
040 _aBR-BrBNA
_bpor
_cBiblioteca Nacional de Agricultura
041 _a(Pt)
072 _aL72
100 1 _aBenetti, C.J.
100 1 _aHamada, N.
245 1 _aFauna de coleópteros aquáticos (Insecta: Coleoptera)na Amazônia Central, Brasil
650 _aCOLEOPTERO
650 _aINSETO
650 _aBIOLOGIA AQUÁTICA
650 _aFAUNA
650 _aAMAZÔNIA
773 0 _tActa Amazônica (Brazil)
_xISSN 0044-5967
_g(Oct-Dec 2003), v. 33(4) p. 701-709
_wBR0403542
909 _a202311
_bLúcia
_c55
_dLúcia Elande
942 _2AGRIS
_n0
_cANA
999 _c179328
_d179328